000
00235nam a22000857a 4500
008
160624b xxu||||| |||| 00| 0 eng d
100
_9
1037
_a
Jain, B.B
245
_a
Shakespeare's King Richard the Second
260
_a
Agra
_b
Lakshi Narain Agarwal
999
_c
829
_d
829